Az épített örökségek megjelenése az idegenforgalmi kínálatban
| Szerző: | |
|---|---|
| További közreműködők: | |
| Dokumentumtípus: | Diplomadolgozat |
| Kulcsszavak: | Turizmus, kulturális Örökségturizmus Örökségvédelem Épített örökség, turizmus Bohem Art Hotel Malom Hotel Szállodatörténet |
| Online Access: | http://dolgozattar.uni-bge.hu/59419 |
MARC
| LEADER | 00000nta a2200000 i 4500 | ||
|---|---|---|---|
| 001 | dolg59419 | ||
| 005 | 20260115124109.0 | ||
| 008 | 260115suuuu hu om 000 hun d | ||
| 040 | |a BGE Dolgozattár Repozitórium |b hun | ||
| 041 | |a hu | ||
| 100 | 1 | |a Vinkler Edit | |
| 245 | 1 | 3 | |a Az épített örökségek megjelenése az idegenforgalmi kínálatban |c Vinkler Edit |h [elektronikus dokumentum] |
| 695 | |a Turizmus, kulturális | ||
| 695 | |a Örökségturizmus | ||
| 695 | |a Örökségvédelem | ||
| 695 | |a Épített örökség, turizmus | ||
| 695 | |a Bohem Art Hotel | ||
| 695 | |a Malom Hotel | ||
| 695 | |a Szállodatörténet | ||
| 700 | 1 | |a Jusztin Dr. Márta |e ths | |
| 856 | 4 | 0 | |u http://dolgozattar.uni-bge.hu/59419/1/Vinkler-Edit.pdf |z Dokumentum-elérés |